[Event "Murrhard Wuerttemberg op"]
[Site "Murrhard"]
[Date "2021.08.21"]
[Round "5"]
[White "Keller, Joachim"]
[Black "Siegle, Florian"]
[Result "1-0"]
[WhiteElo "1874"]
[BlackElo "1894"]
[PlyCount "120"]
[EventDate "2021.08.18"]
[EventType "swiss"]
[EventRounds "7"]
[EventCountry "GER"]
[SourceTitle "CBM 204 Extra"]
[Source "ChessBase"]
[SourceDate "2021.11.30"]
[SourceVersion "1"]
[SourceVersionDate "2021.11.30"]
[SourceQuality "1"]

1. d4 c5 2. d5 Nf6 3. Nc3 d6 4. e4 a6 5. a4 b6 6. Be2 Bb7 7. Nf3 g6 8. 0-0 Bg7 9. Bg5 0-0 10. Qd2 Re8 11. Rad1 Nbd7 12. Bc4 b5 13. axb5 Nb6 14. Be2 axb5 15. Bxb5 Nbd7 16. Rfe1 Qc7 17. h3 Ra5 18. Bc4 Rb8 19. Bf4 Nb6 20. Bf1 Nfd7 21. Nb5 Rxb5 22. Bxb5 Ra8 23. c4 Ra2 24. Rb1 Ba8 25. Qe2 Bc3 26. Rec1 Bg7 27. Rc2 Na4 28. Bxa4 Rxa4 29. b3 Rb4 30. Bd2 Rb8 31. Bc3 Bxc3 32. Rxc3 Qa5 33. Rc2 f6 34. Ra2 Qb4 35. Qe1 Qb7 36. Qc3 Kf7 37. Rba1 Qc8 38. Ra7 Bb7 39. Qa5 g5 40. Ra3 Kg6 41. Qc3 h5 42. Qe3 Qd8 43. Nd2 Ne5 44. f4 gxf4 45. Qxf4 Bc8 46. Qg3+ Kh6 47. Nf3 Nxf3+ 48. gxf3 Bb7 49. Kh2 Qh8 50. Ra2 Rg8 51. Qf4+ Kh7 52. Rg2 Rxg2+ 53. Kxg2 Qb8 54. Ra1 Bc8 55. Qe3 Qb7 56. Rg1 Qa7 57. Kh2 Qa2+ 58. Rg2 Qa1 59. f4 f5 60. e5 Kh6 1-0

[Event "Murrhard Wuerttemberg op"]
[Site "Murrhard"]
[Date "2021.08.20"]
[Round "4"]
[White "Siegle, Florian"]
[Black "Schmid, Bernhard"]
[Result "0-1"]
[WhiteElo "1894"]
[BlackElo "2065"]
[PlyCount "86"]
[EventDate "2021.08.18"]
[EventType "swiss"]
[EventRounds "7"]
[EventCountry "GER"]
[SourceTitle "CBM 204 Extra"]
[Source "ChessBase"]
[SourceDate "2021.11.30"]
[SourceVersion "1"]
[SourceVersionDate "2021.11.30"]
[SourceQuality "1"]

1. d4 d5 2. Nf3 Nf6 3. Bg5 Ne4 4. Bf4 c5 5. dxc5 Nc6 6. e3 Bg4 7. Be2 f6 8. Nd4 Bxe2 9. Nxc6 Bxd1 10. Nxd8 Rxd8 11. f3 Bxc2 12. fxe4 Bxe4 13. Nc3 Bxg2 14. Rg1 Bh3 15. Bc7 Rc8 16. Nxd5 e6 17. Nf4 Rxc7 18. Nxh3 Bxc5 19. Ke2 Bd6 20. Nf4 Bxf4 21. exf4 Kf7 22. Rad1 Rhc8 23. h4 Rc2+ 24. Ke3 R8c7 25. Rd2 Rxd2 26. Kxd2 Rc4 27. Rf1 b5 28. b3 Rc5 29. Kd3 a6 30. Rf2 e5 31. fxe5 Rxe5 32. Kd4 Ke6 33. Rg2 g6 34. Rc2 Rd5+ 35. Ke3 f5 36. h5 Re5+ 37. Kf4 Re4+ 38. Kg5 Rg4+ 39. Kh6 f4 40. Rc6+ Ke5 41. Rxa6 f3 42. Ra5 f2 43. Rxb5+ Ke4 0-1

[Event "Murrhard Wuerttemberg op"]
[Site "Murrhard"]
[Date "2021.08.19"]
[Round "3"]
[White "Migl, Dieter"]
[Black "Siegle, Florian"]
[Result "0-1"]
[WhiteElo "2163"]
[BlackElo "1894"]
[PlyCount "55"]
[EventDate "2021.08.18"]
[EventType "swiss"]
[EventRounds "7"]
[EventCountry "GER"]
[SourceTitle "CBM 204 Extra"]
[Source "ChessBase"]
[SourceDate "2021.11.30"]
[SourceVersion "1"]
[SourceVersionDate "2021.11.30"]
[SourceQuality "1"]

1. e4 e6 2. d4 c5 3. d5 exd5 4. exd5 d6 5. Nc3 Nf6 6. Nf3 Be7 7. h3 0-0 8. Be2 a6 9. a4 b6 10. 0-0 Bb7 11. Re1 Nbd7 12. Bf4 Nh5 13. Bh2 Nhf6 14. Bc4 Re8 15. Qd3 Qc7 16. Re2 b5 17. axb5 axb5 18. Rxa8 Rxa8 19. Nxb5 Ra1+ 20. Ne1 Qa5 21. b4 cxb4 22. Rxe7 b3 23. Qxb3 Ne5 24. Bxe5 Qxe1+ 25. Kh2 Qg1+ 26. Kg3 Ne4+ 27. Kh4 Qxf2+ 28. Qg3 0-1

[Event "Wuerttemberg-ch KT"]
[Site "Stuttgart"]
[Date "2017.08.31"]
[Round "6"]
[White "Siegle, Florian"]
[Black "Hurm, Marius"]
[Result "1-0"]
[WhiteElo "1925"]
[BlackElo "1818"]
[PlyCount "25"]
[EventDate "2017.08.26"]
[EventType "swiss"]
[EventRounds "7"]
[EventCountry "GER"]
[SourceTitle "EXT 2019"]
[Source "ChessBase"]
[SourceDate "2018.10.10"]
[SourceVersion "1"]
[SourceVersionDate "2018.10.10"]
[SourceQuality "1"]

1. d4 Nf6 2. Bg5 e6 3. e4 Be7 4. e5 Nd5 5. Bxe7 Qxe7 6. c3 c5 7. dxc5 Qxc5 8. Nd2 Nb6 9. Ngf3 d5 10. Bd3 Bd7 11. 0-0 Bb5 12. Nb3 Qc6 13. Nbd4 1-0

[Event "Wuerttemberg-ch KT"]
[Site "Stuttgart"]
[Date "2015.09.06"]
[Round "9"]
[White "Stark, Timo"]
[Black "Siegle, Florian"]
[Result "0-1"]
[WhiteElo "1851"]
[BlackElo "1944"]
[PlyCount "64"]
[EventDate "2015.08.29"]
[EventType "swiss"]
[EventRounds "9"]
[EventCountry "GER"]
[SourceTitle "EXT 2017"]
[Source "ChessBase"]
[SourceDate "2016.10.25"]
[SourceVersion "1"]
[SourceVersionDate "2016.10.25"]
[SourceQuality "1"]

1. e4 e6 2. d4 d5 3. Nd2 Nf6 4. exd5 exd5 5. Ngf3 Bg4 6. Be2 Bd6 7. 0-0 0-0 8. c4 c6 9. Re1 Qc7 10. c5 Bf4 11. Nf1 Nbd7 12. Bxf4 Qxf4 13. Qd2 Qc7 14. h3 Ne4 15. Qc2 Bh5 16. N1d2 f5 17. Nxe4 fxe4 18. Ng5 Qf4 19. Bxh5 Qxg5 20. Bd1 Rf6 21. Qb3 Raf8 22. Rxe4 Rxf2 23. Rg4 Rf1+ 24. Kh2 Qd2 25. Qg3 R8f7 26. Bc2 Rxa1 27. Bf5 Qe1 28. Qf4 Nf6 29. Rh4 Qg1+ 30. Kg3 Ne4+ 31. Kg4 Qxg2+ 32. Kh5 Nf6# 0-1

[Event "Wuerttemberg-ch KT"]
[Site "Stuttgart"]
[Date "2015.09.04"]
[Round "7"]
[White "Langjahr, Marius"]
[Black "Siegle, Florian"]
[Result "0-1"]
[WhiteElo "1784"]
[BlackElo "1944"]
[PlyCount "164"]
[EventDate "2015.08.29"]
[EventType "swiss"]
[EventRounds "9"]
[EventCountry "GER"]
[SourceTitle "EXT 2017"]
[Source "ChessBase"]
[SourceDate "2016.10.25"]
[SourceVersion "1"]
[SourceVersionDate "2016.10.25"]
[SourceQuality "1"]

1. d4 d5 2. c4 Nc6 3. Nf3 Nf6 4. Nc3 e6 5. Bg5 Be7 6. e3 0-0 7. Qc2 h6 8. Bh4 Ne8 9. Bxe7 Nxe7 10. b3 c6 11. Bd3 Nf5 12. 0-0 Nh4 13. Nxh4 Qxh4 14. Rfe1 f5 15. g3 Qe7 16. f4 Bd7 17. Nb1 Nf6 18. Nd2 Be8 19. Nf3 Bh5 20. Ne5 Ne4 21. Be2 Bxe2 22. Qxe2 Qa3 23. Qc2 a5 24. c5 Kh7 25. Nd7 Rf7 26. Nb6 Rg8 27. Na4 g5 28. fxg5 Rxg5 29. Nc3 Nf6 30. Ne2 h5 31. Kh1 Ng4 32. Nf4 Re7 33. h4 Rg8 34. Nxh5 Qb4 35. a3 Qb5 36. Rab1 Qa6 37. Qe2 Qa8 38. Rg1 Qb8 39. Rbf1 Kh6 40. Nf4 e5 41. Nh3 exd4 42. Rxf5 Rxe3 43. Qd2 Rf8 44. Nf2 Nxf2+ 45. Rxf2 Rxf2 46. Qxf2 Qe5 47. Qf8+ Qg7 48. Qf4+ Kh7 49. Qf5+ Kh8 50. Qc8+ Qg8 51. Qxb7 Qe8 52. Qc7 Re2 53. Qf4 Qe4+ 54. Qxe4 dxe4 55. Rd1 d3 56. Kg1 Rb2 57. b4 axb4 58. axb4 Kg7 59. g4 Kg6 60. b5 cxb5 61. c6 Rc2 62. c7 Rxc7 63. Kf2 Rc2+ 64. Ke3 Re2+ 65. Kd4 d2 66. Kc3 e3 67. Kd3 Re1 68. Rxd2 exd2 69. Kxd2 Re4 70. Kc3 Rxg4 71. h5+ Kxh5 72. Kb3 Rc4 73. Ka3 Kg4 74. Kb3 Kf3 75. Kb2 Ke3 76. Ka3 Kd3 77. Kb3 Kd2 78. Kb2 Rb4+ 79. Ka3 Kc3 80. Ka2 Ra4+ 81. Kb1 b4 82. Kc1 Ra1# 0-1

[Event "Stuttgart-chA int"]
[Site "Ditzingen"]
[Date "2009.05.24"]
[Round "7"]
[White "Siegle, Florian"]
[Black "Daubenfeld, Gilles"]
[Result "1-0"]
[WhiteElo "2013"]
[BlackElo "2151"]
[PlyCount "84"]
[EventDate "2009.05.21"]
[EventType "swiss"]
[EventRounds "7"]
[EventCountry "GER"]
[SourceTitle "EXT 2018"]
[Source "ChessBase"]
[SourceDate "2017.10.13"]
[SourceVersion "1"]
[SourceVersionDate "2017.10.13"]
[SourceQuality "1"]

1. e4 c5 2. Nf3 d6 3. Bb5+ Bd7 4. Bxd7+ Qxd7 5. 0-0 Nf6 6. e5 dxe5 7. Nxe5 Qc7 8. d4 cxd4 9. Qxd4 e6 10. Rd1 Nc6 11. Nxc6 Qxc6 12. Nc3 Be7 13. Qa4 Qxa4 14. Nxa4 Rc8 15. Be3 0-0 16. Rac1 Nd5 17. Bd2 Rfd8 18. c4 Nf6 19. b3 Rd7 20. Be3 Rcd8 21. Rxd7 Rxd7 22. Bxa7 Ba3 23. Ra1 Rd2 24. Bc5 Bb2 25. Be3 Bxa1 26. Bxd2 Ne4 27. Be3 Kf8 28. f3 Nd6 29. Nb6 Ke8 30. Kf1 Kd8 31. Ke2 Kc7 32. Kd3 Nf5 33. Bf2 Kc6 34. a4 Be5 35. g4 Ne7 36. h3 Bc7 37. a5 f5 38. b4 Bd6 39. b5+ Kc7 40. c5 Bf4 41. Be3 Ng6 42. gxf5 exf5 1-0

[Event "Stuttgart-chA int"]
[Site "Ditzingen"]
[Date "2009.05.23"]
[Round "6"]
[White "Leroy, Patrick"]
[Black "Siegle, Florian"]
[Result "0-1"]
[WhiteElo "1900"]
[BlackElo "2013"]
[PlyCount "48"]
[EventDate "2009.05.21"]
[EventType "swiss"]
[EventRounds "7"]
[EventCountry "GER"]
[SourceTitle "EXT 2018"]
[Source "ChessBase"]
[SourceDate "2017.10.13"]
[SourceVersion "1"]
[SourceVersionDate "2017.10.13"]
[SourceQuality "1"]

1. e4 g6 2. d4 Bg7 3. Be3 c5 4. Nc3 Qa5 5. Qd2 cxd4 6. Bxd4 Bxd4 7. Qxd4 Nf6 8. e5 Nc6 9. Qe3 Nd5 10. Qg3 Nxc3 11. bxc3 Qxe5+ 12. Qxe5 Nxe5 13. Be2 b6 14. f4 Nc6 15. Nf3 Bb7 16. 0-0-0 d6 17. Rhe1 0-0 18. g3 Rac8 19. h4 Na5 20. Kb2 e6 21. Nd4 a6 22. Bg4 Bd5 23. Ne2 Nc4+ 24. Kc1 Ne3 0-1

[Event "Stuttgart-chA int"]
[Site "Ditzingen"]
[Date "2009.05.21"]
[Round "1"]
[White "Siegle, Florian"]
[Black "Chetverik, Maxim"]
[Result "0-1"]
[WhiteElo "2013"]
[BlackElo "2323"]
[PlyCount "78"]
[EventDate "2009.05.21"]
[EventType "swiss"]
[EventRounds "7"]
[EventCountry "GER"]
[SourceTitle "EXT 2018"]
[Source "ChessBase"]
[SourceDate "2017.10.13"]
[SourceVersion "1"]
[SourceVersionDate "2017.10.13"]
[SourceQuality "1"]

1. d4 d5 2. c4 e5 3. dxe5 d4 4. Nf3 Nc6 5. g3 Be6 6. Nbd2 Qd7 7. Bg2 Be7 8. h4 Nh6 9. Ng5 Bf5 10. Qa4 Rb8 11. Ndf3 Ng4 12. 0-0 h6 13. Nh3 Ngxe5 14. Nxe5 Nxe5 15. Qxd7+ Bxd7 16. b3 0-0 17. Bf4 Bf6 18. Rad1 Rfe8 19. Rd2 c5 20. Kh1 Rbd8 21. Ng1 b6 22. Bb7 g5 23. Bxe5 Rxe5 24. f4 gxf4 25. Rxf4 Bg7 26. Rd3 Re7 27. Bd5 Be5 28. Rf2 Bg4 29. Kg2 Bc7 30. Bf3 Bf5 31. Rd1 Re3 32. Bd5 Rxg3+ 33. Kf1 Bg6 34. Bf3 h5 35. Rh2 Re8 36. Rh1 Kh8 37. Kf2 Bf5 38. b4 Bf4 39. a4 Reg8 0-1

[Event "Wuerttemberg-ch KT"]
[Site "Tuebingen"]
[Date "2007.08.29"]
[Round "5"]
[White "Siegle, Florian"]
[Black "Rix, Michael"]
[Result "1-0"]
[WhiteElo "2037"]
[BlackElo "1837"]
[PlyCount "121"]
[EventDate "2007.08.25"]
[EventType "swiss"]
[EventRounds "9"]
[EventCountry "GER"]
[SourceTitle "CBM 120 Extra"]
[Source "ChessBase"]
[SourceDate "2007.11.01"]
[SourceVersion "1"]
[SourceVersionDate "2007.11.01"]
[SourceQuality "1"]

1. e4 c5 2. c3 e5 3. d4 exd4 4. cxd4 cxd4 5. Qxd4 Nc6 6. Qd1 Nf6 7. Nc3 Bb4 8. Bd3 d5 9. exd5 Qxd5 10. Qe2+ Be6 11. Nf3 0-0-0 12. Bc2 Bg4 13. 0-0 Bxf3 14. Qxf3 Qxf3 15. gxf3 Nd4 16. Bd1 Rhe8 17. Be3 Bxc3 18. bxc3 Nc6 19. Ba4 Re6 20. Bc2 g6 21. Bb3 Nd5 22. Bc5 Rf6 23. c4 Nf4 24. Rfd1 Nd3 25. Be3 Rfd6 26. c5 R6d7 27. Bg5 Re8 28. Bxf7 Rxf7 29. Rxd3 Ne5 30. Re3 Nxf3+ 31. Kg2 Rxe3 32. Bxe3 Nh4+ 33. Kf1 Nf5 34. Bf4 Nd4 35. Bg3 Rf5 36. Rc1 Kd7 37. Bb8 a6 38. Rb1 Kc8 39. Ba7 Nc6 40. Bb6 Rd5 41. Rb2 Ne5 42. Re2 Kd7 43. Re3 Nc4 44. Rh3 h5 45. Ba7 Rd1+ 46. Kg2 Rd2 47. Rc3 Ne5 48. Rb3 Kc8 49. a3 Nd3 50. Kf3 Nxf2 51. c6 bxc6 52. Bxf2 Rd5 53. Ke4 g5 54. Rb6 Rd2 55. Bg3 h4 56. Be5 g4 57. Kf5 Rd5 58. Ke6 Rxe5+ 59. Kxe5 Kc7 60. Rxa6 g3 61. hxg3 1-0

[Event "Stuttgart-chA int"]
[Site "Ditzingen"]
[Date "2005.05.07"]
[Round "5"]
[White "Siegle, Florian"]
[Black "Willems, Sebastian"]
[Result "1-0"]
[WhiteElo "2050"]
[BlackElo "1739"]
[PlyCount "75"]
[EventDate "2005.05.05"]
[EventType "swiss"]
[EventRounds "7"]
[EventCountry "GER"]
[SourceTitle "EXT 2018"]
[Source "ChessBase"]
[SourceDate "2017.10.13"]
[SourceVersion "1"]
[SourceVersionDate "2017.10.13"]
[SourceQuality "1"]

1. e4 d5 2. exd5 Nf6 3. Nc3 Nxd5 4. Bc4 Nf6 5. Nf3 a6 6. Ne5 e6 7. Qe2 Be7 8. d3 0-0 9. Be3 b5 10. Qf3 c6 11. Bb3 Bb7 12. Qg3 Kh8 13. Ne2 Nbd7 14. d4 c5 15. c3 cxd4 16. Bxd4 Nxe5 17. Bxe5 Rg8 18. Rd1 Qb6 19. 0-0 Bc5 20. Nd4 Ne4 21. Qh3 Ng5 22. Qh5 f6 23. Bg3 e5 24. Bxg8 Rxg8 25. b4 exd4 26. bxc5 Qc6 27. f3 dxc3 28. Bd6 b4 29. Rfe1 Bc8 30. h4 Ne6 31. Qd5 Nd8 32. Qb3 a5 33. a3 Qb5 34. axb4 axb4 35. Re4 Nc6 36. Rde1 Bf5 37. Re8 h6 38. Qxg8# 1-0

[Event "Staufer op 17th"]
[Site "Schwaebisch Gmuend"]
[Date "2005.01.04"]
[Round "5"]
[White "Siegle, Florian"]
[Black "Schluricke, Reinhard"]
[Result "0-1"]
[WhiteElo "2048"]
[BlackElo "1664"]
[PlyCount "66"]
[EventDate "2005.01.??"]
[EventType "swiss"]
[EventRounds "9"]
[EventCountry "GER"]
[SourceTitle "EXT 2008"]
[Source "ChessBase"]
[SourceDate "2007.11.25"]
[SourceVersion "1"]
[SourceVersionDate "2007.11.25"]
[SourceQuality "1"]

1. e4 e5 2. Nf3 Nf6 3. Nc3 Nc6 4. Bb5 Nd4 5. Bc4 Nxf3+ 6. Qxf3 c6 7. d3 d6 8. 0-0 Qd7 9. h3 Qe7 10. Be3 g6 11. d4 Bg7 12. dxe5 dxe5 13. a3 0-0 14. b4 Re8 15. Rfd1 b6 16. Qe2 Be6 17. Bb3 Qc7 18. Bxe6 Rxe6 19. Qa6 Qc8 20. Qc4 Qc7 21. Rd2 Rd8 22. Nb5 Qb8 23. Rxd8+ Qxd8 24. Nxa7 b5 25. Nxb5 cxb5 26. Qxb5 Nxe4 27. a4 Nc3 28. Qc4 e4 29. Ra3 Be5 30. g3 Qd1+ 31. Kh2 Ne2 32. f4 exf3 33. Rd3 Bxg3# 0-1

[Event "Stuttgart-chA"]
[Site "Stuttgart"]
[Date "2003.??.??"]
[Round "?"]
[White "Nass, Walter Robert"]
[Black "Siegle, Florian"]
[Result "1-0"]
[WhiteElo "1745"]
[BlackElo "2015"]
[PlyCount "77"]
[EventDate "2003.??.??"]
[EventType "swiss"]
[EventRounds "9"]
[EventCountry "GER"]
[SourceTitle "EXT 2007"]
[Source "ChessBase"]
[SourceDate "2006.11.23"]
[SourceVersion "1"]
[SourceVersionDate "2006.11.23"]
[SourceQuality "1"]

1. e4 e6 2. d4 d5 3. e5 c5 4. c3 Nc6 5. Nf3 Qb6 6. a3 a5 7. Bd3 Bd7 8. Bc2 Nge7 9. g4 h5 10. dxc5 Qc7 11. gxh5 Nxe5 12. Ng5 Bc6 13. Rg1 Nd7 14. Qf3 Nf6 15. Bf4 e5 16. Bg3 Rxh5 17. h4 Bd7 18. Qe2 Nc6 19. Ba4 Bxc5 20. Bxc6 Qxc6 21. Bxe5 Kf8 22. Nd2 Rxh4 23. 0-0-0 d4 24. Qc4 Be6 25. Nxe6+ fxe6 26. cxd4 Rc8 27. Qxc5+ Qxc5+ 28. dxc5 Rxc5+ 29. Bc3 b5 30. Kb1 b4 31. Bxf6 gxf6 32. Nb3 Rf5 33. Rg2 bxa3 34. bxa3 Ra4 35. Ka2 Rf3 36. Rd6 Rc4 37. Rd2 a4 38. Nd4 Rf5 39. Nxe6+ 1-0